[Event "Catalunya-ch U16"]
[Site "Vila Seca"]
[Date "2011.04.19"]
[Round "6.1"]
[White "Mallol Muste, Marc"]
[Black "Sanchez Ibern, Marc"]
[Result "0-1"]
[WhiteElo "1959"]
[BlackElo "2293"]
[PlyCount "112"]
[EventDate "2011.04.16"]
[EventType "swiss"]
[EventRounds "8"]
[EventCountry "ESP"]
[SourceTitle "EXT 2015"]
[Source "ChessBase"]
[SourceDate "2014.11.20"]
[SourceVersion "1"]
[SourceVersionDate "2014.11.20"]
[SourceQuality "1"]

1. e4 g6 2. d4 Bg7 3. Nc3 c6 4. Be3 d5 5. e5 Nh6 6. f4 Nf5 7. Bf2 h5 8. Nf3 b5 9. Bd3 Qb6 10. Qd2 a5 11. 0-0 Na6 12. a3 Bd7 13. Ne2 Nc7 14. c3 a4 15. Nh4 e6 16. Nxf5 exf5 17. Bh4 Ne6 18. Kh1 Bf8 19. Ng1 Rc8 20. Be2 Nd8 21. Bxd8 Qxd8 22. Nf3 Be7 23. g3 h4 24. Kg2 Be6 25. Ne1 g5 26. Nd3 g4 27. Rac1 Rh7 28. Rh1 Qb6 29. Nf2 Kd7 30. Qd3 Rh5 31. Nd1 Rg8 32. Ne3 Qd8 33. Kf2 Qf8 34. Rcg1 Qh6 35. Qb1 Rh8 36. Kg2 Ke8 37. Qe1 f6 38. exf6 Qxf6 39. Nd1 Qh6 40. Nf2 Kf7 41. Nd3 Bd6 42. Qc1 Kg7 43. Qe1 Bc8 44. Qd1 Re8 45. Qd2 Qe6 46. Ne5 Qh6 47. Qc1 Bc7 48. Kf2 Bd8 49. Kg2 Rh8 50. Qe1 Rf8 51. Qc1 Bc7 52. Kf2 Bxe5 53. fxe5 f4 54. gxf4 Rxf4+ 55. Kg2 Bf5 56. Rf1 Be4+ 0-1

[Event "Catalunya-ch U16"]
[Site "Vila Seca"]
[Date "2011.04.18"]
[Round "5.1"]
[White "Mallol Muste, Marc"]
[Black "Diaz Camallonga, Carles"]
[Result "1-0"]
[WhiteElo "1959"]
[BlackElo "1891"]
[PlyCount "73"]
[EventDate "2011.04.16"]
[EventType "swiss"]
[EventRounds "8"]
[EventCountry "ESP"]
[SourceTitle "EXT 2015"]
[Source "ChessBase"]
[SourceDate "2014.11.20"]
[SourceVersion "1"]
[SourceVersionDate "2014.11.20"]
[SourceQuality "1"]

1. e4 e6 2. d4 d5 3. Nc3 Bb4 4. Bd2 dxe4 5. Qg4 Nf6 6. Qxg7 Rg8 7. Qh6 Rg6 8. Qh4 Bxc3 9. Bxc3 Bd7 10. 0-0-0 Qe7 11. f3 Bc6 12. Qe1 exf3 13. Nxf3 Bxf3 14. gxf3 c6 15. Bd3 Rg2 16. f4 Nd5 17. Be4 Rg7 18. f5 Nd7 19. Bxd5 cxd5 20. fxe6 fxe6 21. Bb4 Qg5+ 22. Kb1 Qg6 23. Bd6 Nb6 24. Be5 Rf7 25. Rg1 Qf5 26. Qe2 Nc4 27. Rg8+ Rf8 28. Rxf8+ Qxf8 29. Bg3 Qe7 30. b3 Na3+ 31. Kb2 Rc8 32. Rd2 Rc6 33. Qh5+ Kd7 34. Rf2 Rc8 35. c3 Rf8 36. Rxf8 Qxf8 37. Qxh7+ 1-0

[Event "Catalunya-ch U16"]
[Site "Vila Seca"]
[Date "2011.04.17"]
[Round "3.1"]
[White "Mallol Muste, Marc"]
[Black "Torres Morales, Ferran"]
[Result "1-0"]
[WhiteElo "1959"]
[BlackElo "1746"]
[PlyCount "73"]
[EventDate "2011.04.16"]
[EventType "swiss"]
[EventRounds "8"]
[EventCountry "ESP"]
[SourceTitle "EXT 2015"]
[Source "ChessBase"]
[SourceDate "2014.11.20"]
[SourceVersion "1"]
[SourceVersionDate "2014.11.20"]
[SourceQuality "1"]

1. e4 e6 2. d4 d5 3. exd5 exd5 4. Bd3 Bd6 5. Nf3 Ne7 6. Bg5 0-0 7. Nc3 f6 8. Be3 c6 9. Qd2 Bf5 10. 0-0-0 b5 11. Bxf5 Nxf5 12. Bf4 Qc7 13. Ne2 Re8 14. Kb1 Nd7 15. g4 Bxf4 16. Nxf4 Nd6 17. Nd3 Ne4 18. Qc1 b4 19. Nd2 Rab8 20. f3 Nxd2+ 21. Qxd2 a5 22. Rhe1 Nb6 23. Nc5 Nc4 24. Qf2 Qd6 25. f4 Nb6 26. f5 Nd7 27. Re6 Rxe6 28. Nxe6 Nf8 29. Nc5 Re8 30. h4 Nd7 31. Nd3 Re4 32. g5 Qe7 33. Rg1 Re2 34. gxf6 Rxf2 35. fxe7 Kf7 36. Nxf2 Kg8 37. Nd3 1-0

[Event "Catalunya-ch U20"]
[Site "Vila Seca"]
[Date "2010.04.03"]
[Round "5"]
[White "Ortega Serra, Marc"]
[Black "Mallol Muste, Marc"]
[Result "1-0"]
[WhiteElo "2173"]
[BlackElo "1895"]
[PlyCount "123"]
[EventDate "2010.03.31"]
[EventType "swiss"]
[EventRounds "9"]
[EventCountry "ESP"]
[SourceTitle "CBM 135 Extra"]
[Source "ChessBase"]
[SourceDate "2010.05.04"]
[SourceVersion "1"]
[SourceVersionDate "2010.05.04"]
[SourceQuality "1"]

1. d4 d5 2. c4 e6 3. Nf3 Nf6 4. e3 Be7 5. Nc3 0-0 6. Bd3 dxc4 7. Bxc4 c5 8. 0-0 Nc6 9. a3 a6 10. dxc5 Bxc5 11. Qc2 Qe7 12. Bd3 e5 13. Ne4 Nxe4 14. Bxe4 f5 15. Bxc6 bxc6 16. e4 f4 17. b4 Bd6 18. Qxc6 Bg4 19. Qc4+ Kh8 20. Qb3 Rf6 21. h3 Be6 22. Qd3 Rg6 23. Kh2 Rh6 24. Bb2 Bd7 25. Rfd1 Bb5 26. Qc2 Qe8 27. Rxd6 Rxd6 28. Bxe5 Re6 29. Qb2 Qe7 30. Rc1 Re8 31. Rc5 h6 32. Qd2 Qf7 33. Bxf4 Rxe4 34. Bxh6 Re2 35. Qc3 Qf6 36. Qxf6 gxf6 37. Be3 Ra2 38. Nd4 Bd7 39. Ra5 Bc8 40. b5 axb5 41. Nxb5 Bb7 42. Bd4 Re6 43. Nc7 Rd6 44. Nb5 Re6 45. Ra7 Be4 46. Nc3 Rc2 47. Nxe4 Rxe4 48. Bxf6+ Kg8 49. Kg3 Re6 50. Bg5 Rc3+ 51. Be3 Rg6+ 52. Kf3 Rf6+ 53. Ke2 Rg6 54. g4 Rb3 55. Kf3 Rb1 56. g5 Rg1 57. h4 Rh1 58. Kg4 Re6 59. h5 Rf1 60. g6 Re4+ 61. Kf3 Rh4 62. Bh6 1-0

[Event "Catalunya-ch U20"]
[Site "Catalunya"]
[Date "2008.03.24"]
[Round "8"]
[White "Veciana Coronado, Pau"]
[Black "Mallol Muste, Marc"]
[Result "1/2-1/2"]
[WhiteElo "1825"]
[BlackElo "1895"]
[PlyCount "68"]
[EventDate "2008.03.19"]
[EventType "swiss"]
[EventRounds "9"]
[EventCountry "ESP"]
[SourceTitle "EXT 2010"]
[Source "ChessBase"]
[SourceDate "2010.11.25"]
[SourceVersion "1"]
[SourceVersionDate "2010.11.25"]
[SourceQuality "1"]

1. e4 d5 2. exd5 Qxd5 3. Nc3 Qa5 4. d4 Nf6 5. Bc4 Bg4 6. f3 Bh5 7. Be3 Nc6 8. Nge2 0-0-0 9. a3 Bg6 10. 0-0 e6 11. b4 Qh5 12. Nf4 Qh6 13. Re1 Bd6 14. Nh3 Qh5 15. Ne2 Bf5 16. Nef4 Bxf4 17. Nxf4 Qh4 18. g3 Qh6 19. Nxe6 Qg6 20. Nf4 Qh6 21. Qd2 Rd7 22. Qf2 g5 23. Nd3 Bxd3 24. Bxd3 Ne7 25. Qd2 Rg8 26. b5 Nfd5 27. c4 Nxe3 28. Qxe3 Qf6 29. Rad1 h6 30. Qe4 Rgd8 31. d5 Qc3 32. Qe3 Kb8 33. Kf1 Qf6 34. a4 Nf5 1/2-1/2